000 00651nam a2200277Ia 4500
005 20260324143756.0
008 008 260324s9999 xx 000 0 eng d
020 _a9781315670270
037 _aEBOOK
040 _aCRL
040 _beng
040 _cCRL
041 _2eng
041 _aeng
084 _qCRL
100 _aJohn Dixon; Robert P. Scheurell
_91216880
245 0 _aSocial Welfare in Latin America
260 _bTaylor and Francis
260 _c1990
365 _a
365 _b290
856 _uhttp://www.taylorfrancis.com/books/9781315670270
942 _cEBOOK
999 _c1822685
_d1822685